000 00466nam a2200193 a 4500
001 1754715970686
003 ACL
005 20250809103934.0
008 250809s2003##################000#0#eng##
020 _a9780714842899
082 0 4 _a720.92
_bJAC
100 1 _aSheridan, Michael,
_eauthor.
245 1 0 _aRoom 606 :
260 _bPhaidon Press Limited,
_c2003.
300 _a282 pages
650 0 _aArchitecture.
942 _cENGLISH
040 _aACL
_beng
_cACL
999 _c579555
_d579555